| 000 | 00573nam a2200205 u 4500 | ||
|---|---|---|---|
| 005 | 20210223133749.0 | ||
| 008 | 190226s2008 es r 000 0 spa d | ||
| 020 | _a9788444140902 | ||
| 035 | _aUPN01000229279 | ||
| 049 | _aI | ||
| 050 | 4 |
_aQH31 D2 _bH3.3 |
|
| 100 | 1 |
_aHarrison, Ingrid _939035 |
|
| 245 | 1 | 0 |
_aCharles Darwin / _cIngrid Harrison ; tr. Ferrán Alaminos. |
| 260 |
_aLeón, Esp. : _bEverest, _c2008. |
||
| 300 |
_a23 p. : _bil. col. |
||
| 440 | 0 | _aClaro | |
| 600 | 1 | 4 |
_aDARWIN, CHARLES ROBERT, _d1809-1882 _96970 |
| 905 | _aInfantil | ||
| 999 |
_c201374 _d201374 |
||